| 000 | 01163nabaa22002297a 4500 | ||
|---|---|---|---|
| 999 |
_c6309 _d6309 |
||
| 003 | OSt | ||
| 005 | 20260129035414.0 | ||
| 008 | 190701b xxu||||| |||| 00| 0 spa d | ||
| 040 | _cPJ | ||
| 100 |
_96989 _aGrandal, Marcos |
||
| 245 | 1 | 0 |
_aFacultatividad u obligatoriedad circunscripta. La inserción de las audiencias públicas en la Ley Nacional de Procedimientos Administrativos / _cMarcos Grandal, Sofía Martelli. |
| 300 | _ap. 127 | ||
| 500 | _aCita: TR LALEY AR/DOC/1565/2025 | ||
| 505 | _aSumario: I. Introducción.— II. Sucinta aproximación al concepto de audiencias públicas y su andamiaje positivo.— III. La audiencia pública en el marco de la Ley Nacional de Procedimientos Administrativos.— IV. Conclusiones. | ||
| 505 | _t¿Te interesa el texto completo? Comunicate al correo: koha@justierradelfuego.gov.ar | ||
| 650 | 0 |
_9211 _aDERECHO ADMINISTRATIVO |
|
| 650 | 0 |
_91135 _aPROCEDIMIENTO ADMINISTRATIVO |
|
| 650 | 0 |
_96931 _aAUDIENCIAS PÚBLICAS |
|
| 700 |
_96990 _aMartelli, Sofía |
||
| 773 | 0 |
_02842 _93251 _dBuenos Aires : AbeledoPerrot, 2012- _oDA121 _tDerecho administrativo. Nº 160 julio/agosto 2025 _z18510590 |
|
| 942 |
_2udc _cANA |
||